Introducción a la lingüística griega y latina / (Record no. 189666)

MARC details
000 -LEADER
campo de control de longitud fija 01050nam a2200253 i 4500
001 - NÚMERO DE CONTROL
campo de control 189666
003 - IDENTIFICADOR DE NÚMERO DE CONTROL
campo de control ES-MaACL
005 - FECHA Y HORA DE LA ÚLTIMA TRANSACCIÓN
campo de control 20251012190622.0
008 - DATOS DE LONGITUD FIJA--INFORMACIÓN GENERAL
campo de control de longitud fija 190902s1946 sp |||| | spa d
100 1# - ENTRADA PRINCIPAL--NOMBRE DE PERSONA
Nombre de persona Kretschmer, Paul (
Fechas asociadas al nombre 1866-1956)
9 (RLIN) 168039
245 10 - MENCIÓN DEL TÍTULO
Título Introducción a la lingüística griega y latina /
Mención de responsabilidad, etc. P. Kretschmer ; traducción de S. Fernández Ramirez y M. Fernández-Galiano.
260 ## - PUBLICACIÓN, DISTRIBUCIÓN, ETC.
Lugar de publicación, distribución, etc. Madrid :
Nombre del editor, distribuidor, etc. Instituto Antonio de Nebrija,
Fecha de publicación, distribución, etc. 1946.
300 ## - DESCRIPCIÓN FÍSICA
Extensión XII, 254 p. ;
Dimensiones 24 cm.
490 1# - MENCIÓN DE SERIE
Mención de serie Colección de Manuales "Emérita" ;
Designación de volumen o secuencia 4
594 ## - Nota al título y mención de responsabilidad
Nota al título y mención de responsabilidad Precede al tít.: Consejo Superior de Investigaciones Científicas. Patronato Menéndez Pelayo.
650 #4 - PUNTO DE ACCESO ADICIONAL DE MATERIA--TÉRMINO DE MATERIA
Término de materia o nombre geográfico como elemento de entrada Lengua griega.
9 (RLIN) 14240
650 04 - PUNTO DE ACCESO ADICIONAL DE MATERIA--TÉRMINO DE MATERIA
Término de materia o nombre geográfico como elemento de entrada Lengua latina.
9 (RLIN) 14291
700 1# - ENTRADA AGREGADA--NOMBRE PERSONAL
Nombre de persona Fernández Ramírez, Salvador,
Fechas asociadas al nombre 1896-1983
9 (RLIN) 50022
700 1# - ENTRADA AGREGADA--NOMBRE PERSONAL
Nombre de persona Fernández-Galiano, Manuel (
Fechas asociadas al nombre 1918-1988)
9 (RLIN) 150962
710 2# - ENTRADA AGREGADA--NOMBRE DE ENTIDAD CORPORATIVA
Nombre de entidad corporativa o nombre de jurisdicción como elemento de entrada Patronato "Marcelino Menéndez Pelayo"
9 (RLIN) 6189
830 0# - PUNTO DE ACCESO ADICIONAL DE SERIE-TÍTULO UNIFORME
Título uniforme Colección de Manuales "Emérita" ;
Designación de volumen o secuencia 4
9 (RLIN) 193364
852 ## - LOCALIZACIÓN
Ubicación ES-MaACL
Número de control de estantería P-746-4
Holdings
Estatus retirado Estado de pérdida Estado de daño No para préstamo Biblioteca de origen Biblioteca actual Ubicación en estantería Fecha de adquisición Fuente de adquisición Total de préstamos Signatura topográfica completa Código de barras Visto por última vez Precio de reemplazo Tipo de ítem Koha
        Biblioteca del Ateneo de Madrid Biblioteca del Ateneo de Madrid Depósito 2 02/09/2019     P-746-4 1201045 23/02/2023 23/02/2023 Libro impreso